[Event "FIDE WRBTC Blitz-Pool 2024"]
[Site "Astana"]
[Date "2024.08.05"]
[Round "4.23"]
[White "Samaganova, Aleksandra"]
[Black "Zhankarayeva, Zhansaya"]
[Result "1-0"]
[WhiteElo "1948"]
[BlackElo "1402"]
[Annotator "ChessBase"]
[PlyCount "127"]
[EventDate "2024.08.01"]
[EventType "team-tourn"]
[EventCountry "KAZ"]
[SourceTitle "playchess.com"]
[Source "ChessBase"]
[SourceQuality "1"]

1. c4 c5 2. Nc3 Nc6 3. g3 e6 4. Bg2 Nge7 5. e4 Nd4 6. Nge2 Nxe2 7. Qxe2 Nc6 8. O-O Nd4 9. Qd1 Be7 10. d3 O-O 11. Be3 Nc6 12. f4 b6 13. f5 Bf6 14. h3 Bb7 15. Rc1 exf5 16. Rxf5 Bd4 17. Qd2 Bxe3+ 18. Qxe3 Nd4 19. Rf2 Qe7 20. Rcf1 Rad8 21. Ne2 d5 22. cxd5 Bxd5 23. Nc3 Bb7 24. Qc1 Ne6 25. Rd1 Nd4 26. Kh2 b5 27. Qf4 Ne6 28. Qg4 Qg5 29. Qxg5 Nxg5 30. Nxb5 a6 31. Nc3 Ne6 32. Ne2 c4 33. d4 Rd7 34. d5 Nc5 35. Nc3 Nd3 36. Rc2 Re8 37. Na4 Ne5 38. Nc5 Rc7 39. Nxb7 Rxb7 40. Rf1 Reb8 41. Rff2 Nd3 42. Rfd2 Nxb2 43. d6 Na4 44. e5 Rd7 45. Bc6 Rdd8 46. Bxa4 Rb6 47. Rxc4 h6 48. d7 Kh7 49. Rc8 Rxd7 50. Bxd7 Rb4 51. Bg4 a5 52. Rc5 Rb8 53. Rxa5 Re8 54. a4 Rb8 55. Ra2 Re8 56. Rb5 g6 57. a5 Kg7 58. a6 f6 59. Rb7+ Kg8 60. exf6 Rd8 61. a7 Ra8 62. Rb8+ Rxb8 63. axb8=Q+ Kf7 64. Ra7+ 1-0

[Event "FIDE WRBTC Blitz-Pool 2024"]
[Site "Astana"]
[Date "2024.08.05"]
[Round "4.23"]
[White "Kiribayeva, Togzhan"]
[Black "Nauanova Zhaniya"]
[Result "1-0"]
[WhiteElo "1544"]
[BlackElo "1835"]
[Annotator "NA"]
[PlyCount "139"]
[EventDate "2024.08.01"]
[EventType "team-tourn"]
[EventCountry "KAZ"]
[SourceTitle "playchess.com"]
[Source "ChessBase"]
[SourceQuality "1"]

1. d4 Nf6 2. Nf3 g6 3. e3 Bg7 4. Be2 O-O 5. O-O d6 6. b3 Nbd7 7. Bb2 c5 8. c4 Ne4 9. Nbd2 Nxd2 10. Qxd2 cxd4 11. exd4 Nf6 12. Rac1 Qc7 13. h3 Bf5 14. Bd3 Bxd3 15. Qxd3 Rac8 16. Rfe1 Rfe8 17. Qd2 Qd7 18. a3 Qf5 19. Qb4 b6 20. Qd2 Rc7 21. Re3 d5 22. Re5 Qd7 23. Ree1 Ne4 24. Qf4 Nf6 25. Qd2 Rec8 26. Ne5 Qd8 27. Qb4 e6 28. a4 Ne4 29. a5 dxc4 30. Rxe4 bxa5 31. Qxa5 Qd6 32. Nxc4 Qd7 33. Rce1 Rb8 34. Qa4 Qxa4 35. bxa4 Rxc4 36. Ba3 Rb3 37. Bc5 Rc2 38. d5 e5 39. f4 f5 40. R4e2 Rxe2 41. Rxe2 e4 42. d6 Rd3 43. Rc2 e3 44. Kf1 Bf8 45. Ke2 Rd5 46. Bxa7 Rxd6 47. Bxe3 Re6 48. Kf3 Ra6 49. Rc4 Re6 50. a5 Ra6 51. Ra4 Be7 52. Bb6 Kf7 53. Rc4 Ra8 54. Rc7 Ke6 55. Rc6+ Kf7 56. Rc7 Ke6 57. Ke3 Rb8 58. Rc6+ Kf7 59. Rc7 Ke6 60. Kd4 Bf6+ 61. Kc5 Be7+ 62. Kc6 Bd6 63. Rxh7 Rc8+ 64. Kb5 Rb8 65. Rg7 Kd5 66. Rxg6 Bxf4 67. Rg7 Be5 68. Rd7+ Ke4 69. a6 Bd4 70. Rb7 1-0

[Event "FIDE WRBTC Blitz-Pool 2024"]
[Site "Astana"]
[Date "2024.08.05"]
[Round "4.24"]
[White "Karepov, Ilya"]
[Black "Amangaliyev, Dauletkhan"]
[Result "1-0"]
[WhiteElo "1719"]
[BlackElo "1531"]
[Annotator "NA"]
[PlyCount "127"]
[EventDate "2024.08.01"]
[EventType "team-tourn"]
[EventCountry "KAZ"]
[SourceTitle "playchess.com"]
[Source "ChessBase"]
[SourceQuality "1"]

1. d4 d5 2. Bf4 Nf6 3. e3 c5 4. c3 Nc6 5. Nd2 Bf5 6. Ngf3 e6 7. Be2 Bd6 8. O-O Bxf4 9. exf4 cxd4 10. Nxd4 Nxd4 11. cxd4 h5 12. Nf3 Qd6 13. Bb5+ Kf8 14. Ne5 a6 15. Bd3 Bg4 16. f3 Bf5 17. Bxf5 exf5 18. Rc1 g6 19. Qc2 Qb6 20. Qc5+ Qxc5 21. Rxc5 Kg7 22. Rc7 Rhf8 23. Rfc1 b5 24. R1c6 a5 25. Rb7 b4 26. Rcc7 Rac8 27. Kf2 Rxc7 28. Rxc7 a4 29. Ke3 a3 30. b3 Nh7 31. Kd2 g5 32. Rb7 gxf4 33. h4 Kf6 34. Nd7+ Ke6 35. Nxf8+ Nxf8 36. Rxb4 Kd6 37. Rb6+ Kc7 38. Rh6 Ne6 39. Kd3 Kd6 40. Rxh5 Ke7 41. Rxf5 Ng7 42. Rxd5 Ke6 43. Ra5 Nf5 44. Rxf5 Kxf5 45. b4 Kg6 46. Ke4 Kh5 47. Kxf4 Kxh4 48. b5 f5 49. b6 Kh5 50. b7 Kh4 51. b8=Q Kh5 52. Qh8+ Kg6 53. Qh4 Kg7 54. Qg5+ Kf7 55. Qxf5+ Ke7 56. Qg6 Kd7 57. Qf6 Kc7 58. Ke5 Kb7 59. Kd5 Ka7 60. Kc5 Kb7 61. Qc6+ Ka7 62. Qb5 Ka8 63. Kc6 Ka7 64. Qb7# 1-0

[Event "FIDE WRBTC Blitz-Pool 2024"]
[Site "Astana"]
[Date "2024.08.05"]
[Round "4.24"]
[White "Sembay, Aisana"]
[Black "Baigaliyev, Azamat"]
[Result "0-1"]
[WhiteElo "1527"]
[BlackElo "1400"]
[Annotator "NA"]
[PlyCount "50"]
[EventDate "2024.08.01"]
[EventType "team-tourn"]
[EventCountry "KAZ"]
[SourceTitle "playchess.com"]
[Source "ChessBase"]
[SourceQuality "1"]

1. e4 c5 2. Nf3 Nc6 3. d4 cxd4 4. Nxd4 Nf6 5. Nc3 e6 6. Nxc6 bxc6 7. Bd3 Bb4 8. Bd2 d5 9. exd5 cxd5 10. O-O O-O 11. Re1 Bb7 12. a3 Ba5 13. Ne2 Bb6 14. Bg5 h6 15. Bh4 e5 16. Nc3 e4 17. Bf1 Qd6 18. Bg3 Qc6 19. Qe2 Rfe8 20. Qd1 Rad8 21. Ne2 d4 22. Nf4 e3 23. fxe3 dxe3 24. Qe2 Rd2 25. Qf3 e2+ 0-1

[Event "FIDE WRBTC Blitz-Pool 2024"]
[Site "Astana"]
[Date "2024.08.05"]
[Round "4.24"]
[White "Atbailar, Anuar"]
[Black "Tynybekov, Bakyt"]
[Result "0-1"]
[WhiteElo "1456"]
[BlackElo "1795"]
[Annotator "NA"]
[PlyCount "51"]
[EventDate "2024.08.01"]
[EventType "team-tourn"]
[EventCountry "KAZ"]
[SourceTitle "playchess.com"]
[Source "ChessBase"]
[SourceQuality "1"]

1. e4 e6 2. d4 d5 3. e5 c5 4. c3 Qb6 5. Nf3 Nc6 6. Nbd2 cxd4 7. cxd4 Nxd4 8. Nb3 Bb4+ 9. Bd2 Nxf3+ 10. gxf3 Bd7 11. a3 Bxd2+ 12. Nxd2 Qxb2 13. Rb1 Qxe5+ 14. Be2 Bc6 15. Qc2 Nf6 16. Kd1 Rc8 17. h3 O-O 18. Rg1 Bb5 19. Nc4 Bxc4 20. Bxc4 Rxc4 21. Qe2 Qd4+ 22. Ke1 Rfc8 23. Qd2 Qxd2+ 24. Kxd2 Rc2+ 25. Ke3 e5 26. Rb3 0-1

[Event "FIDE WRBTC Blitz-Pool 2024"]
[Site "Astana"]
[Date "2024.08.05"]
[Round "4.25"]
[White "Makhnev, Denis"]
[Black "Grischuk, Alexander"]
[Result "1/2-1/2"]
[WhiteElo "2551"]
[BlackElo "2708"]
[Annotator "ChessBase"]
[PlyCount "60"]
[EventDate "2024.08.01"]
[EventType "team-tourn"]
[EventCountry "KAZ"]
[SourceTitle "playchess.com"]
[Source "ChessBase"]
[SourceQuality "1"]

1. d4 Nf6 2. c4 e6 3. Nf3 Bb4+ 4. Bd2 Qe7 5. e3 b6 6. Bd3 Bb7 7. O-O O-O 8. Bc1 d5 9. a3 Bd6 10. Nc3 a6 11. cxd5 exd5 12. b4 Nbd7 13. Bb2 b5 14. Qc2 Nb6 15. a4 c6 16. e4 dxe4 17. Nxe4 Nbd5 18. Nxf6+ Nxf6 19. Rfe1 Qd8 20. Bc3 h6 21. Rab1 Nd5 22. Bd2 Rc8 23. Ne5 Rc7 24. Qd1 Re8 25. Qg4 Bc8 26. Qg3 Re6 27. Qf3 Qf6 28. Qe4 g6 29. Bxh6 Nxb4 30. Bd2 Nxd3 1/2-1/2

[Event "FIDE WRBTC Blitz-Pool 2024"]
[Site "Astana"]
[Date "2024.08.05"]
[Round "4.26"]
[White "Yu, Yangyi"]
[Black "Suleyev, Alen"]
[Result "1-0"]
[WhiteElo "2703"]
[BlackElo "2084"]
[Annotator "ChessBase"]
[PlyCount "117"]
[EventDate "2024.08.01"]
[EventType "team-tourn"]
[EventCountry "KAZ"]
[SourceTitle "playchess.com"]
[Source "ChessBase"]
[SourceQuality "1"]

1. e4 Nf6 2. e5 Nd5 3. d4 d6 4. Nf3 Nb6 5. h3 dxe5 6. Nxe5 g6 7. Be2 Bg7 8. O-O O-O 9. c3 N8d7 10. Nxd7 Nxd7 11. Bg5 h6 12. Bh4 g5 13. Bg3 e5 14. Na3 exd4 15. Nb5 dxc3 16. bxc3 Be5 17. f4 gxf4 18. Bxf4 Bxf4 19. Rxf4 Ne5 20. Qxd8 Rxd8 21. Nxc7 Rb8 22. Rd4 Bf5 23. Rad1 Rxd4 24. cxd4 Ng6 25. d5 Rd8 26. d6 a6 27. Bf3 Ne5 28. Bxb7 Nc4 29. Bxa6 Rxd6 30. Rxd6 Nxd6 31. a4 Be4 32. a5 Kf8 33. Be2 Ke7 34. Nb5 Nc8 35. a6 Nb6 36. Kf2 f5 37. g3 Ke6 38. a7 Ke5 39. Nc7 Kd6 40. Nb5+ Kc5 41. Nc3 Bc6 42. Bf3 Kd6 43. Bxc6 Kxc6 44. Kf3 Kb7 45. Nb5 Ka6 46. Nd4 Kxa7 47. Nxf5 h5 48. h4 Kb7 49. Kf4 Kc7 50. Kg5 Kd7 51. Kxh5 Ke6 52. Kg5 Nd5 53. h5 Nf6 54. Kg6 Ng4 55. Nd4+ Ke5 56. Kg5 Nf6 57. h6 Ne4+ 58. Kg6 Kxd4 59. h7 1-0

[Event "FIDE WRBTC Blitz-Pool 2024"]
[Site "Astana"]
[Date "2024.08.05"]
[Round "4.26"]
[White "Svidler, Peter"]
[Black "Zhalmakhanov, Ramazan"]
[Result "1-0"]
[WhiteElo "2698"]
[BlackElo "2497"]
[Annotator "ChessBase"]
[PlyCount "57"]
[EventDate "2024.08.01"]
[EventType "team-tourn"]
[EventCountry "KAZ"]
[SourceTitle "playchess.com"]
[Source "ChessBase"]
[SourceQuality "1"]

1. e4 e5 2. Nf3 Nc6 3. Bb5 a6 4. Ba4 Nf6 5. O-O d6 6. Re1 Bd7 7. c3 g6 8. d4 Bg7 9. Bg5 h6 10. Bh4 O-O 11. Nbd2 b5 12. Bb3 g5 13. Bg3 Nh5 14. Nxe5 dxe5 15. Qxh5 exd4 16. e5 dxc3 17. bxc3 Na5 18. Bc2 Re8 19. h4 Nc6 20. Nf3 g4 21. Nh2 Qc8 22. Rad1 Rb8 23. Rxd7 Qxd7 24. Nxg4 Qd2 25. Re2 Qc1+ 26. Kh2 Rb6 27. e6 Rf8 28. exf7+ Kh8 29. Qf5 1-0

[Event "FIDE WRBTC Blitz-Pool 2024"]
[Site "Astana"]
[Date "2024.08.05"]
[Round "4.27"]
[White "Urazayev, Arystanbek"]
[Black "Mamedyarov, Shakhriyar"]
[Result "0-1"]
[WhiteElo "2466"]
[BlackElo "2733"]
[Annotator "TA"]
[PlyCount "53"]
[EventDate "2024.08.01"]
[EventType "team-tourn"]
[EventCountry "KAZ"]
[SourceTitle "playchess.com"]
[Source "ChessBase"]
[SourceQuality "1"]

1. e4 c5 2. Nf3 a6 3. c3 d5 4. exd5 Qxd5 5. d4 e6 6. Be3 Nd7 7. Nbd2 Ngf6 8. h3 b6 9. Bc4 Qc6 10. O-O Bb7 11. Re1 Be7 12. Bf1 O-O 13. c4 Rfd8 14. Qc2 Rac8 15. Rac1 cxd4 16. Nxd4 Qc7 17. b3 Nf8 18. Qb1 Ng6 19. Rcd1 Nh4 20. Ne2 Qc6 21. Nf4 g5 22. Nd3 Rxd3 23. Qxd3 Nxg2 24. f3 Nxe3 25. Rxe3 Rd8 26. Qe2 Bc5 27. Kh2 0-1

[Event "FIDE WRBTC Blitz-Pool 2024"]
[Site "Astana"]
[Date "2024.08.05"]
[Round "4.27"]
[White "Askarov, Bakhtiyar"]
[Black "Wang, Yue"]
[Result "1-0"]
[WhiteElo "2280"]
[BlackElo "2637"]
[Annotator "ChessBase"]
[PlyCount "157"]
[EventDate "2024.08.01"]
[EventType "team-tourn"]
[EventCountry "KAZ"]
[SourceTitle "playchess.com"]
[Source "ChessBase"]
[SourceQuality "1"]

1. d4 Nf6 2. Nf3 e6 3. g3 b5 4. Bg2 Bb7 5. O-O c5 6. c3 cxd4 7. cxd4 Be7 8. a4 b4 9. Nbd2 O-O 10. Nb3 Bd5 11. Ne5 Bxg2 12. Kxg2 d6 13. Nd3 Nc6 14. a5 Qb8 15. f3 Qb5 16. e4 Rfc8 17. Be3 a6 18. Rf2 Bd8 19. Rc2 Nxa5 20. Nxa5 Bxa5 21. Rac1 Rxc2+ 22. Qxc2 Rb8 23. Qb3 Bb6 24. Qxb4 Qxb4 25. Nxb4 Bd8 26. Nd3 Rb3 27. Rc8 h6 28. Rxd8+ Kh7 29. Nf2 Rxe3 30. Rxd6 a5 31. Ra6 Rb3 32. Rxa5 Rxb2 33. g4 Rd2 34. Ra4 g5 35. Kf1 Kg6 36. Ke1 Rb2 37. Rc4 h5 38. h3 h4 39. Nd3 Rb7 40. Ne5+ Kg7 41. Rc2 Ng8 42. Ke2 Ne7 43. Ke3 f6 44. Nd3 Ng6 45. Rb2 Ra7 46. Rb3 Kf7 47. f4 Ra2 48. f5 exf5 49. gxf5 Ne7 50. Nf2 Ke8 51. Ng4 Kf7 52. d5 Ra6 53. Rb7 Ra3+ 54. Kd4 Ra4+ 55. Kd3 Ra6 56. Rd7 Ke8 57. Rb7 Nc8 58. Rb8 Kd7 59. Rb7+ Ke8 60. Rb8 Kd7 61. Rb7+ Ke8 62. Rg7 Ra3+ 63. Kd4 Ra4+ 64. Kc5 Ra6 65. Rg8+ Kd7 66. Rf8 Nd6 67. Nxf6+ Ke7 68. e5 Kxf8 69. exd6 Kf7 70. Ne4 Ra4 71. Nxg5+ Kf6 72. Ne6 Ra5+ 73. Kc6 Ra6+ 74. Kc7 Ra7+ 75. Kc6 Ra6+ 76. Kc5 Ra7 77. Kb6 Rh7 78. Kc6 Kxf5 79. d7 1-0

[Event "FIDE WRBTC Blitz-Pool 2024"]
[Site "Astana"]
[Date "2024.08.05"]
[Round "4.28"]
[White "Ju, Wenjun"]
[Black "Kuftyrev, Pavlo"]
[Result "1-0"]
[WhiteElo "2563"]
[BlackElo "2085"]
[Annotator "ChessBase"]
[PlyCount "51"]
[EventDate "2024.08.01"]
[EventType "team-tourn"]
[EventCountry "KAZ"]
[SourceTitle "playchess.com"]
[Source "ChessBase"]
[SourceQuality "1"]

1. e4 e6 2. d4 d5 3. exd5 exd5 4. Nf3 Nc6 5. Nc3 Bb4 6. Bd3 Nge7 7. O-O Bg4 8. Be3 Qd7 9. a3 Bxc3 10. bxc3 Bf5 11. c4 O-O 12. Rb1 b6 13. Re1 Na5 14. Ne5 Qd8 15. c5 f6 16. Nf3 Re8 17. Bd2 Nc4 18. Rxe7 Qxe7 19. Bxf5 bxc5 20. dxc5 Qxc5 21. Bb4 Qb5 22. Nd4 Qa6 23. Qh5 g6 24. Bxg6 hxg6 25. Qxg6+ Kh8 26. Nf5 1-0

[Event "FIDE WRBTC Blitz-Pool 2024"]
[Site "Astana"]
[Date "2024.08.05"]
[Round "4.28"]
[White "Ansat, Aldiyar"]
[Black "Agmanov, Zhandos"]
[Result "0-1"]
[WhiteElo "2457"]
[BlackElo "2458"]
[Annotator "ChessBase"]
[PlyCount "76"]
[EventDate "2024.08.01"]
[EventType "team-tourn"]
[EventCountry "KAZ"]
[SourceTitle "playchess.com"]
[Source "ChessBase"]
[SourceQuality "1"]

1. Nf3 Nf6 2. g3 e6 3. Bg2 d5 4. O-O Be7 5. d3 O-O 6. b3 c5 7. Bb2 Nc6 8. Nbd2 b6 9. e4 Bb7 10. Re1 a5 11. a4 Nb4 12. exd5 exd5 13. Nh4 Re8 14. Ndf3 d4 15. Qd2 Qc7 16. Nf5 Bf8 17. c3 dxc3 18. Bxc3 Nbd5 19. Bb2 h6 20. Ne5 Rad8 21. Rad1 Bc8 22. Nh4 Nb4 23. Re2 Ng4 24. Rde1 Nxe5 25. Rxe5 Rxd3 26. Qf4 Rxe5 27. Bxe5 Qd7 28. Be4 Rd1 29. Rxd1 Qxd1+ 30. Kg2 Nd3 31. Bxd3 Qxd3 32. Qf3 Qxf3+ 33. Kxf3 g5 34. Ng2 Bb7+ 35. Ke3 Bxg2 36. Bc7 Bd5 37. Bxb6 Bxb3 38. Bxa5 Bxa4 0-1

[Event "FIDE WRBTC Blitz-Pool 2024"]
[Site "Astana"]
[Date "2024.08.05"]
[Round "4.29"]
[White "Kamalidenova, Meruert"]
[Black "Assaubayeva, Bibisara"]
[Result "0-1"]
[WhiteElo "2352"]
[BlackElo "2470"]
[Annotator "ChessBase"]
[PlyCount "127"]
[EventDate "2024.08.01"]
[EventType "team-tourn"]
[EventCountry "KAZ"]
[SourceTitle "playchess.com"]
[Source "ChessBase"]
[SourceQuality "1"]

1. e4 e5 2. Nf3 Nc6 3. d4 exd4 4. Nxd4 Nf6 5. Nc3 Bb4 6. Nxc6 bxc6 7. Bd3 d5 8. exd5 cxd5 9. O-O O-O 10. Bg5 c6 11. Qf3 Be6 12. Ne2 h6 13. Bxf6 Qxf6 14. Qxf6 gxf6 15. Ng3 Rfd8 16. Nf5 Bf8 17. b3 c5 18. Ne3 Rab8 19. Rad1 Rb6 20. Kh1 Rbd6 21. f4 c4 22. Be2 cxb3 23. axb3 Bc8 24. Bf3 d4 25. Nc4 Ra6 26. Be4 Bb4 27. Rd3 Bc3 28. Rg3+ Kf8 29. f5 Ra2 30. Rgf3 Ba6 31. Rh3 Kg7 32. Rg3+ Kf8 33. Rh3 Bxc4 34. bxc4 Kg7 35. Rg3+ Kf8 36. Rh3 Re8 37. Bd5 Rxc2 38. Rxh6 Ke7 39. Rh3 a5 40. Rd3 Kd6 41. h4 a4 42. Rb1 a3 43. Rb6+ Ke5 44. Ra6 a2 45. Rd1 Rb8 46. Ra3 Rb1 47. Bf3 Rxd1+ 48. Bxd1 Rd2 49. Bf3 a1=Q+ 50. Rxa1 Bxa1 51. h5 Rb2 52. c5 Rb8 53. c6 Kd6 54. g4 d3 55. Kg2 Be5 56. Kf1 Bf4 57. Bd1 d2 58. Ke2 Bg5 59. Ba4 Ra8 60. Bb3 Kxc6 61. Bxf7 Ra7 62. Bb3 Re7+ 63. Kd3 Re3+ 64. Kd4 0-1

[Event "FIDE WRBTC Blitz-Pool 2024"]
[Site "Astana"]
[Date "2024.08.05"]
[Round "4.29"]
[White "Nasybullina, Alfia"]
[Black "Xu, Xiangyu"]
[Result "0-1"]
[WhiteElo "2034"]
[BlackElo "2628"]
[Annotator "ChessBase"]
[PlyCount "48"]
[EventDate "2024.08.01"]
[EventType "team-tourn"]
[EventCountry "KAZ"]
[SourceTitle "playchess.com"]
[Source "ChessBase"]
[SourceQuality "1"]

1. e4 c5 2. Nc3 Nc6 3. g3 g6 4. Bg2 Bg7 5. Nge2 d6 6. d3 Rb8 7. O-O b5 8. f4 b4 9. Nb1 e6 10. f5 Nf6 11. fxe6 fxe6 12. Nd2 O-O 13. Nc4 Ba6 14. e5 Nxe5 15. Nxe5 dxe5 16. Be3 c4 17. d4 Ng4 18. Bc1 Rxf1+ 19. Qxf1 exd4 20. Bh3 h5 21. Nf4 d3 22. cxd3 Qb6+ 23. Kh1 Nf2+ 24. Kg2 Bb7+ 0-1

[Event "FIDE WRBTC Blitz-Pool 2024"]
[Site "Astana"]
[Date "2024.08.05"]
[Round "4.30"]
[White "Kabinazar, Nurmukhammed"]
[Black "Anetov, Amirzhan"]
[Result "1-0"]
[WhiteElo "2002"]
[BlackElo "1661"]
[Annotator "ChessBase"]
[PlyCount "92"]
[EventDate "2024.08.01"]
[EventType "team-tourn"]
[EventCountry "KAZ"]
[SourceTitle "playchess.com"]
[Source "ChessBase"]
[SourceQuality "1"]

1. e4 e5 2. Nc3 Nf6 3. g3 Bc5 4. Bg2 c6 5. Na4 Be7 6. d4 exd4 7. Qxd4 d5 8. e5 Nfd7 9. Nf3 Nb6 10. Nxb6 axb6 11. c3 c5 12. Qd3 Nc6 13. O-O Be6 14. Re1 O-O 15. h3 Qd7 16. g4 d4 17. Ng5 Bxg5 18. Bxg5 Bd5 19. c4 Bxg2 20. Kxg2 Nb4 21. Qf3 h6 22. Bd2 Nc2 23. Qd3 Qc6+ 24. f3 Nxa1 25. Rxa1 Rfe8 26. Bf4 Ra5 27. a3 b5 28. Kf2 bxc4 29. Qxc4 Qb5 30. Qc2 c4 31. Rg1 Rxe5 32. Bxe5 Qxe5 33. Qxc4 Rc5 34. Qd3 Qh2+ 35. Rg2 Qxh3 36. Qe4 Qh4+ 37. Ke2 Qf6 38. Kd1 Re5 39. Qxb7 Re3 40. Rd2 Rxf3 41. Qc8+ Kh7 42. Qc2+ g6 43. Qe4 Rf4 44. Qd5 Rxg4 45. a4 Rg1+ 46. Kc2 Qf1 1-0

[Event "FIDE WRBTC Blitz-Pool 2024"]
[Site "Astana"]
[Date "2024.08.05"]
[Round "4.30"]
[White "Pang, Bo"]
[Black "Kabylbek, Yedil"]
[Result "1-0"]
[WhiteElo "1400"]
[BlackElo "1857"]
[Annotator "NA"]
[PlyCount "101"]
[EventDate "2024.08.01"]
[EventType "team-tourn"]
[EventCountry "KAZ"]
[SourceTitle "playchess.com"]
[Source "ChessBase"]
[SourceQuality "1"]

1. e4 d6 2. d4 Nf6 3. Nc3 e5 4. Nf3 Nbd7 5. g3 g6 6. Bg2 Bg7 7. O-O O-O 8. Re1 c6 9. a4 Qc7 10. h3 Re8 11. g4 exd4 12. Nxd4 Nc5 13. Bf4 Nfd7 14. Bg3 Ne5 15. Rb1 a5 16. Kh1 Ne6 17. Nxe6 Bxe6 18. f4 Nc4 19. f5 Bd7 20. Qd3 Ne5 21. Qd2 Rad8 22. Qf2 f6 23. Rbd1 Bc8 24. Ne2 g5 25. b3 b6 26. Nd4 Bd7 27. c4 c5 28. Nc2 Bc6 29. Ne3 Qe7 30. h4 h6 31. Rd2 Rd7 32. Red1 Red8 33. Qe2 Qf7 34. Nd5 Bxd5 35. cxd5 Re7 36. Re1 Rc7 37. Rc2 Rdc8 38. Rec1 Kf8 39. Qd1 Ke8 40. Bf1 Kf8 41. Kg2 Ke7 42. Bb5 Rh8 43. Qe2 Ra7 44. Kf2 Kd8 45. Rh1 Kc7 46. Ke1 Kb8 47. Kd1 Ka8 48. Kc1 Kb8 49. Qd1 Rc7 50. Kb1 Rcc8 51. Rg2 1-0

[Event "FIDE WRBTC Blitz-Pool 2024"]
[Site "Astana"]
[Date "2024.08.05"]
[Round "4.31"]
[White "Teclaf, Pawel"]
[Black "Bilguun, Sumiya"]
[Result "1-0"]
[WhiteElo "2553"]
[BlackElo "2470"]
[Annotator "ChessBase"]
[PlyCount "57"]
[EventDate "2024.08.01"]
[EventType "team-tourn"]
[EventCountry "KAZ"]
[SourceTitle "playchess.com"]
[Source "ChessBase"]
[SourceQuality "1"]

1. Nf3 c5 2. b3 d6 3. c4 Nc6 4. d4 cxd4 5. Nxd4 Nf6 6. Bb2 e6 7. g3 a6 8. Bg2 Bd7 9. O-O Be7 10. Nc3 O-O 11. Rc1 Rc8 12. Qd2 Nxd4 13. Qxd4 Bc6 14. Ne4 Qd7 15. Rfd1 Rfd8 16. Qd3 Nxe4 17. Bxe4 Bxe4 18. Qxe4 Bf8 19. Qe3 h6 20. Rc2 b5 21. c5 Qc6 22. Qd2 Re8 23. b4 dxc5 24. bxc5 Qa8 25. Be5 Red8 26. Bd6 Qc6 27. Rcc1 Rd7 28. Qe1 Rcd8 29. Bxf8 1-0

[Event "FIDE WRBTC Blitz-Pool 2024"]
[Site "Astana"]
[Date "2024.08.05"]
[Round "4.31"]
[White "Bulatov, Ramil"]
[Black "Zhuravlev, Viktor"]
[Result "1-0"]
[WhiteElo "2137"]
[BlackElo "1998"]
[Annotator "ChessBase"]
[PlyCount "137"]
[EventDate "2024.08.01"]
[EventType "team-tourn"]
[EventCountry "KAZ"]
[SourceTitle "playchess.com"]
[Source "ChessBase"]
[SourceQuality "1"]

1. d4 Nf6 2. Nf3 b6 3. c4 e6 4. Nc3 Bb4 5. Bg5 Bb7 6. Nd2 Bxc3 7. bxc3 h6 8. Bh4 d6 9. f3 e5 10. e4 Nc6 11. Nb3 Qe7 12. Be2 O-O 13. O-O g5 14. Bf2 a5 15. Rb1 Ba6 16. Re1 Kg7 17. Nd2 Nh5 18. Nf1 Nf4 19. Ne3 Nxe2+ 20. Qxe2 Kh7 21. Rf1 Qd8 22. Qd3 a4 23. g3 Na5 24. f4 f6 25. Rb4 Qe8 26. Qc2 Bb7 27. Nd5 Rf7 28. Be3 Nc6 29. Rbb1 Kg7 30. Rf2 Na5 31. Rbf1 Nxc4 32. Bc1 Bxd5 33. exd5 e4 34. fxg5 hxg5 35. Bxg5 e3 36. Rxf6 Rxf6 37. Bxf6+ Kg8 38. Qf5 Qf7 39. Qg5+ Kh7 40. Qh4+ Kg6 41. Rf4 Qg8 42. Rg4+ Kf7 43. Rxg8 Rxg8 44. Qh6 Rg6 45. Qh7+ Kxf6 46. Qh8+ Kf7 47. Qh7+ Kf6 48. Qh4+ Kf7 49. Kf1 Rf6+ 50. Ke1 Rf2 51. Qh7+ Kf6 52. Qd3 b5 53. h4 Rxa2 54. h5 Rh2 55. Qg6+ Ke7 56. h6 a3 57. Qg7+ Kd8 58. h7 a2 59. Qg8+ Ke7 60. Qg7+ Kd8 61. h8=Q+ Rxh8 62. Qxh8+ Kd7 63. Qa8 Nb6 64. Qxa2 Na4 65. Qc2 Nb6 66. Qe4 Kc8 67. g4 Kb7 68. g5 Nc4 69. g6 1-0

[Event "FIDE WRBTC Blitz-Pool 2024"]
[Site "Astana"]
[Date "2024.08.05"]
[Round "4.32"]
[White "Chinguun, Sumiya"]
[Black "Gareyev, Timur"]
[Result "0-1"]
[WhiteElo "2389"]
[BlackElo "2541"]
[Annotator "ChessBase"]
[PlyCount "128"]
[EventDate "2024.08.01"]
[EventType "team-tourn"]
[EventCountry "KAZ"]
[SourceTitle "playchess.com"]
[Source "ChessBase"]
[SourceQuality "1"]

1. e4 e5 2. Nf3 Nc6 3. d4 exd4 4. Nxd4 Qf6 5. Nf3 Bb4+ 6. c3 Bc5 7. Bg5 Qg6 8. Nbd2 d6 9. a4 a5 10. Qb3 Nf6 11. Bd3 Ng4 12. Bh4 Nge5 13. Nxe5 Nxe5 14. Bf1 O-O 15. O-O-O Be6 16. Qc2 f5 17. f3 fxe4 18. Nxe4 Bf5 19. Qb3+ Kh8 20. Nxc5 Qh6+ 21. f4 Qxf4+ 22. Rd2 Qxh4 23. Nd3 Rae8 24. Nxe5 Qe1+ 25. Qd1 Rxe5 26. Bd3 Qxd1+ 27. Rhxd1 Bd7 28. Bc2 Bc6 29. g3 g6 30. b3 Rf3 31. Kb2 Ree3 32. c4 b6 33. Rg1 Kg7 34. g4 g5 35. Rg3 Rxg3 36. hxg3 h6 37. Bf5 Bf3 38. Rf2 Re2+ 39. Rxe2 Bxe2 40. Kc3 Kf6 41. Kd4 Bd1 42. Kc3 Ke5 43. b4 Bxa4 44. bxa5 bxa5 45. c5 d5 46. Kd3 Bb5+ 47. Ke3 d4+ 48. Kd2 a4 49. Kc2 Kd5 50. c6 Bxc6 51. Bh7 Bb5 52. Kb2 c5 53. Ka3 Ke5 54. Kb2 c4 55. Ka3 c3 56. Kb4 d3 57. Kxc3 a3 58. Bg8 Ke4 59. Kd2 Kd4 60. Ba2 Ba6 61. Bf7 Bc4 62. Bg6 a2 63. Bf5 a1=Q 64. Bxd3 Qc3+ 0-1

[Event "FIDE WRBTC Blitz-Pool 2024"]
[Site "Astana"]
[Date "2024.08.05"]
[Round "4.32"]
[White "Muldagaliyev, Dauren"]
[Black "Ishmukhamedov, Akhmet"]
[Result "0-1"]
[WhiteElo "1929"]
[BlackElo "1978"]
[Annotator "ChessBase"]
[PlyCount "69"]
[EventDate "2024.08.01"]
[EventType "team-tourn"]
[EventCountry "KAZ"]
[SourceTitle "playchess.com"]
[Source "ChessBase"]
[SourceQuality "1"]

1. Nf3 Nf6 2. e3 c6 3. c4 d5 4. b3 Bg4 5. Bb2 e6 6. Be2 Be7 7. d3 O-O 8. O-O Nbd7 9. Nbd2 Bd6 10. a3 a5 11. Re1 e5 12. Nf1 Qe7 13. Ng3 h6 14. Nh4 Bxe2 15. Qxe2 g6 16. Nf3 Nh7 17. Rec1 Rae8 18. Qd2 b6 19. cxd5 cxd5 20. Qc2 Rc8 21. Qxc8 Rxc8 22. Rxc8+ Kg7 23. Rc2 Nc5 24. Ne1 Nxb3 25. Rd1 Bxa3 26. Bxa3 Qxa3 27. Rc3 Qb4 28. Rc2 a4 29. Nf3 Qd6 30. Ne2 a3 31. Rc3 Qb4 32. Nxe5 a2 33. Rc2 a1=Q 34. Rxa1 Nxa1 35. Kf1 0-1

[Event "FIDE WRBTC Blitz-Pool 2024"]
[Site "Astana"]
[Date "2024.08.05"]
[Round "4.33"]
[White "Bernadskiy, Vitaliy"]
[Black "Agibileg, Uurtsaikh"]
[Result "1-0"]
[WhiteElo "2530"]
[BlackElo "2411"]
[Annotator "ChessBase"]
[PlyCount "81"]
[EventDate "2024.08.01"]
[EventType "team-tourn"]
[EventCountry "KAZ"]
[SourceTitle "playchess.com"]
[Source "ChessBase"]
[SourceQuality "1"]

1. Nf3 Nf6 2. g3 g6 3. Bg2 Bg7 4. O-O O-O 5. c4 d6 6. Nc3 Nc6 7. Rb1 e5 8. d3 a5 9. a3 Nh5 10. b4 axb4 11. axb4 f5 12. Bg5 Qd7 13. b5 Nd8 14. Bxd8 Qxd8 15. Qb3 Be6 16. Nd2 Rb8 17. Ra1 f4 18. Ra7 Qc8 19. Nd5 Kh8 20. Ne4 fxg3 21. hxg3 Bh3 22. Qd1 Bxg2 23. Kxg2 Qd7 24. f3 Rf7 25. Rh1 Bh6 26. Qg1 Qe6 27. g4 Nf4+ 28. Nxf4 Bxf4 29. e3 Rbf8 30. exf4 Rxf4 31. Rh3 h5 32. gxh5 g5 33. Nf2 g4 34. Rg3 gxf3+ 35. Kf1 e4 36. Nh3 e3 37. Nxf4 f2 38. Nxe6 fxg1=Q+ 39. Kxg1 e2 40. Ra1 Kh7 41. Nxf8+ 1-0